| 000 | 00566nam a2200217Ia 4500 | ||
|---|---|---|---|
| 003 | OSt | ||
| 005 | 20230517164722.0 | ||
| 008 | 210210b2002 xxu||||| |||| 00| 0 eng d | ||
| 020 | _a0 333 94657 X | ||
| 040 | _cAL | ||
| 041 | _aEnglish | ||
| 082 | _a574.192 NELL | ||
| 100 |
_aNELSON (David L) and COX (Michael M). _9107364 |
||
| 245 | _aLehninger principles of biochemistry | ||
| 250 | _a3 | ||
| 260 |
_aNew York. _bMacmillan Worth Publishers., _c2002 |
||
| 300 | _axxix,1152,I-38 | ||
| 690 |
_aBiochemistry _9107365 |
||
| 906 | _aD02327 | ||
| 942 |
_2ddc _cBK |
||
| 999 |
_c110809 _d110809 |
||